| 000 | 01290nam a2200289Ia 4500 | ||
|---|---|---|---|
| 003 | OSt | ||
| 005 | 20210713153419.0 | ||
| 008 | 210310s1996 ck ad gr 000 0 spa d | ||
| 020 | _a9586520692 | ||
| 040 |
_aCO-JMCR _cCO-JMCR |
||
| 041 | 0 | _aspa | |
| 082 | 0 | 4 |
_a338.91 / _bR436g _223 |
| 100 | 1 |
_aRestrepo, Darío, _eautor _926807 |
|
| 245 | 1 | 0 |
_aGlobalización y estado nación / _cDarío L. Restrepo, Germán Palacio, Jorge Iván González [y otros 1] |
| 260 |
_aBogotá : _bEscuela Superior de Administración pública, _c1996. |
||
| 300 |
_a204 páginas : _bilustraciones y graficas en blanco y negro ; _c20 cm. |
||
| 501 | _aCon: notas a pie de página. | ||
| 504 | _aBibliografía: páginas 193-204. | ||
| 505 | 0 | _ala globalización, la moneda y el sistema financiero. -- Globalización-localización y política ambiental. -- Las politicas sociales de la nueva era. | |
| 520 | 0 | _aEste texto trata de establecer las conexiones más generales entre la llamada globalización y el estado nación como una forma institucional especifica. | |
| 650 | 1 | 4 |
_aGlobalización _938422 |
| 650 | 2 | 4 |
_aEstado nación _938423 |
| 650 | 2 | 4 |
_aSistema financiero _97647 |
| 700 | 1 |
_aPalacio, Germán, _eautor _938424 |
|
| 700 | 1 |
_aGonzález, Jorge Iván, _eautor _95104 |
|
| 942 |
_2ddc _cBK |
||
| 999 |
_c11921 _d11921 |
||